000 00714nam a22002411 4500
001 33060
003 BD-RjUL
005 20211209051935.0
008 140430s1952 us 000 0 eng
035 _a(BD-RjUL)33151
040 _aDLC
_cDLC
_dBD-RjUL
_beng
041 _aeng
082 _222
_a362.22
_bHER 1952
100 1 _aHendry, Charles E. [from old catalog]
_9100468
245 1 4 _aThe role of groups in world reconstruction /
_c Charles E. Hendry
260 _aNew York :
_bWoman's Press ;
_c1952.
300 _a202 p. ;
_c21 cm.
650 _a Community organization.
_9100469
650 _a Reconstruction (1939-1951)
_9100470
942 _2ddc
_cBK
999 _c33060
_d33060